| 000 | 01456cam a22003857a 4500 | ||
|---|---|---|---|
| 003 | CHAP | ||
| 005 | 20220329140826.0 | ||
| 008 | 971013c19711960 r 00010 d | ||
| 010 | _a58200 | ||
| 011 | _a59172 | ||
| 035 | _a63329 | ||
| 040 | _cCHAP | ||
| 082 |
_a591 _bS8Y |
||
| 100 | 0 | 0 |
_aStorer, Tracy I. _9109911 |
| 245 | 0 | _aZoología general | |
| 260 |
_aBarcelona : _bOmega, _c1971 (c.1960) |
||
| 300 |
_a1003 p. _b: ilus. |
||
| 590 |
_aBATCH-UPD _b10 _c20130110 _lUCH01 _h1810 |
||
| 590 |
_aBATCH-UPD _b10 _c20130410 _lUCH01 _h1145 |
||
| 590 |
_aBATCH-UPD _b10 _c20130914 _lUCH01 _h2113 |
||
| 590 |
_aCONVERSION _b10 _c20130109 _lUCH01 _h1331 |
||
| 650 | 1 | 4 |
_aZoología. _9124151 |
| 901 | _aBK | ||
| 942 | _cLIBRO | ||
| 949 |
_a591 S8Y _bBC _cBPA _d33724000688081 _eBPA _fc.7 _h28621 _i63329 _si |
||
| 949 |
_a591 S8Y _bBC _cLIBRO _d-136000 _eLIBRO _h28615 _i63329 _si |
||
| 949 |
_a591 S8Y _bBC _cLIBRO _d-136002 _eLIBRO _fc.3 _h28617 _i63329 _si |
||
| 949 |
_a591 S8Y _bBC _cLIBRO _d-136004 _eLIBRO _fc.5 _h28619 _i63329 _si |
||
| 949 |
_a591 S8Y _bBC _cLIBRO _d-136007 _eLIBRO _fc.8 _h28621 _i63329 _si |
||
| 949 |
_a591 S8Y _bBC _cLIBRO _d33724000581765 _eLIBRO _fc.10 _h28624 _i63329 _si |
||
| 949 |
_a591 S8Y _bBC _cLIBRO _d33724000864252 _eLIBRO _fc.2 _h28616 _i63329 _si |
||
| 949 |
_a591 S8Y _bBC _cLIBRO _d33724000916482 _eLIBRO _fc.9 _h28623 _i63329 _si |
||
| 949 |
_a591 S8Y _bBC _cMUT _d-136003 _eMUT _fc.4 _h28618 _i63329 _si |
||
| 949 |
_a591 S8Y _bBC _cMUT _d-136005 _eMUT _fc.6 _h28619 _i63329 _si |
||
| 999 |
_c58200 _d58200 |
||